000 00977nam a22001935i 4500
001 158687
003 ES-MaACL
005 20250728063133.0
008 020228s1861 sp |||| | spa d
040 _aCAM
_bspa
_cCAM
100 1 _aMarco, José,
_d1830-1895
_9129463
245 1 3 _aEl peor enemigo
_b: comedia en tres actos y en verso /
_coriginal de José Marco.
260 _aMadrid :
_b[s.n.],
_c1861 (
_fImprenta y Estereotipia Española)
300 _a93 p. ;
_c19 cm.
500 _aEn port.: Representada por primera vez en el teatro del Príncipe de Madrid el dia 13 de abril de 1861, á beneficio del primer actor y director de escena Pedro Delgado.
596 _aAl v. de port. consta : "... galería lírico-dramática El teatro..."
852 _aES-MaACL
_jF-8617(2)
_z-- Enc. pasta española
_q.- Falto de la cub. original
_z.- Enc. en un vol. facticio formando parte de la col. facticia "Teatro español moderno", vol. 72
999 _c158687
_d158687